| 000 | 00574nam a2200181Ia 4500 | ||
|---|---|---|---|
| 008 | 151018s9999 xx 000 0 und d | ||
| 082 |
_bRBASDV3814 _a891.463 |
||
| 100 | _aकृ श प्रभावळकर | ||
| 245 | _aएकेरी गाठ | ||
| 250 | _b1 | ||
| 260 |
_bभारत गौरव ग्रंथमाला _c1937 |
||
| 300 | _a265 | ||
| 600 | _aकृ श प्रभावळकर | ||
| 630 | _aएकेरी गाठ | ||
| 700 | _aकृ श प्रभावळकर | ||
| 730 | _aएकेरी गाठ | ||
| 942 | _cBOOK | ||
| 999 |
_c1006216 _d1006213 |
||